Statistics for Semi-finals of Rugby World Cups.

Click here to take the quiz!

General Stats

  • This quiz has been taken 80 times
    (67 since last reset)
  • The average score is 18 of 18

Answer Stats

YearQualifiedScoreDisqualified% Correct
1987France30-24Australia
100%
New Zealand20-6Australia
100%
New Zealand45-29England
100%
2007England14-9France
100%
England24-7France
100%
1995South Africa19-15France
100%
France43-31New Zealand
100%
2003Australia22-10New Zealand
100%
Australia16-6New Zealand
100%
South Africa37-13Argentina
98%
Australia29-15Argentina
98%
2019England19-7New Zealand
98%
1999Australia27-21South Africa
98%
2015New Zealand20-18South Africa
98%
New Zealand49-6Wales
96%
2011France9-8Wales
96%
South Africa19-16Wales
96%
1991England9-6Scotland
94%

Score Distribution

Percentile by Number Answered

Percent of People with Each Score

Your Score History

You have not taken this quiz since the last reset